Szczegóły MARC21

Spencer /

003 -Nazwa inst., której nr kontr. jest w polu 001 [,]
    • @
    • Nazwa instytucji, której n kontrolny jest w polu 001
    • NUKAT
005 -DATA I CZAS OSTATNIEJ MODYFIKACJI [,]
    • @
    • pole kontrolne
    • 20241231115443.0
040 -Instytucja sporządzająca opis [ , ]
    • a
    • Instytucja, która sporządziła opis (NP)
    • LUBL M/AS
    • c
    • Instytucja, która sporządziła rekord (NP)
    • LUBL M/AS
    • d
    • Instytucja, która zmodyfikowała rekord (P)
    • LUBL M/ASs
    • d
    • Instytucja, która zmodyfikowała rekord (P)
    • LUBL M/IK
    • d
    • Instytucja, która zmodyfikowała rekord (P)
    • WR O/PC
    • d
    • Instytucja, która zmodyfikowała rekord (P)
    • KR 119/jp
041 -Język dokumentu [1, ]
    • a
    • Język tekstu (P)
    • polski
    • h
    • Język tekstu oryginalnego i/lub pośredniego (P)
    • angielski
942 -Rodzaj dokumentu [ , ]
    • c
    • Rodzaj dokumentu
    • Książka
100 -Hasło główne - nazwa osobowa [1, ]
    • a
    • Nazwa osobowa (NP)
    • Kasprzyk, Leszek
    • d
    • Daty biograficzne (NP)
    • (1925-2018).
    • 9
    • KHW
    • 27362
245 -Strefa tytułu i oznaczenia odpowiedzialności [1,0]
    • a
    • Tytuł
    • Spencer / Find
    • c
    • Pozostałe elementy strefy tytułu i oznaczenia odpowiedzialności (NP)
    • Leszek Kasprzyk.
260 -Strefa adresu wydawniczego [ , ]
    • a
    • Miejsce wydania (P)
    • Warszawa :
    • b
    • Nazwa wydawcy (P)
    • Wiedza Powszechna,
    • c
    • Data wydania (P)
    • 1967.
300 -Strefa opisu fizycznego [ , ]
    • a
    • Określenie formy książki i/lub objętość (NP)
    • 167, [1] s. :
    • b
    • Oznaczenie ilustracji (NP)
    • il. ;
    • c
    • Format (NP)
    • 19 cm.
336 -Typ zawartości [ , ]
    • a
    • Termin opisujący typ zawartości
    • Tekst
    • b
    • Kod określający zawartość
    • txt
    • 2
    • Źródło (terminu i kodu)
    • rdacontent
337 -Typ mediów [ , ]
    • a
    • Tryb odtwarzania
    • Bez urządzenia pośredniczącego
    • b
    • Kod typu mediów
    • n
    • 2
    • Źródło (terminu i kodu)
    • rdamedia
338 -Typ/rodzaj nośnika [ , ]
    • a
    • Hasło opisujące typ nośnika
    • Wolumin
    • b
    • Kod typu nośnika
    • nc
    • 2
    • Źródło (terminu i kodu)
    • rdacarrier
490 -Strefa serii i książki wielotomowej - forma nie do wyszukiwania [1, ]
    • a
    • Tytuł (P)
    • Myśli i Ludzie. 2, Filozofia Nowożytna i Współczesna Find
830 -Hasło dodatkowe serii i opisu książki wielotomowej - tytuł ujednolicony/tytuł [ ,0]
    • a
    • Tytuł ujednolicony/tytuł (NP)
    • Myśli i Ludzie.
    • n
    • Oznaczenie części/podserii/sekcji (P)
    • 2,
    • p
    • Nazwa części/podserii/sekcji (P)
    • Filozofia Nowożytna i Współczesna
    • 9
    • KHW
    • 48503
501 -Uwaga dot. prac współwydanych [ , ]
    • a
    • Uwaga dot. prac współwydanych
    • Wspołwy.: Wybór pism / [Herbert Spencer ; teksty zamieszczone w Wyborze tł. Halina Krahelska].
546 -Uwaga dot. języka [ , ]
    • a
    • Uwaga dot. języka
    • Tekst częśc. tł. z ang.
080 -Uniwersalna Klasyfikacja Dziesiętna [ , ]
    • a
    • Symbol klasyfikacji
    • 1(410)(091)"18"
080 -Uniwersalna Klasyfikacja Dziesiętna [ , ]
    • a
    • Symbol klasyfikacji
    • :929(410)Spencer H."18"
600 -Hasło przedmiotowe w formie nazwy osobowej [1,7]
    • a
    • Nazwa osobowa
    • Spencer, Herbert
    • d
    • Daty związane z nazwą
    • (1820-1903).
    • 2
    • Źródło terminu
    • kaba
    • 9
    • KHW
    • 252704
980 -Symbol UKD [ , ]
    • a
    • UKD
    • 1(410)(091):929(410)Spencer H.]"18"
700 -Hasło dodatkowe - nazwa osobowa [1,2]
    • a
    • Nazwa osobowa (NP)
    • Spencer, Herbert Find
    • d
    • Daty biograficzne (NP)
    • (1820-1903).
    • t
    • Tytuł ujednolicony/tytuł (NP)
    • Wybór pism Find
    • 9
    • KHW
    • 635988
700 -Hasło dodatkowe - nazwa osobowa [1, ]
    • a
    • Nazwa osobowa (NP)
    • Krahelska, Halina Irena Find
    • d
    • Daty biograficzne (NP)
    • (1920-1992).
    • e
    • Określenie rodzaju współpracy
    • Tł.
    • 9
    • KHW
    • 15880
710 -Hasło dodatkowe - nazwa ciała zbiorowego [2, ]
    • a
    • Nazwa ciała zbiorowego lub nazwa geograficzna jako pierwszy element (NP)
    • Państwowe Wydawnictwo Wiedza Powszechna.
    • 4
    • Kod relacji
    • pbl
    • 9
    • KHW
    • 52062
Status udost. Numer inwentarzowy Lokalizacja Data inwentaryzacji
1E.21729BE 
1F.21105BNS2004-01-06